00625nam a22001817a 450000500170000001000150001702000260003203500140005803700090007208200120008110000180009324500710011125000070018226000410018927000880023030000300031850000950034820250707102654.0 aENG-145720 a9789361590474c790.00 aEN-129252 bDBAD a000212 aBhardwaj, A.P aLA/LR Legal Awareness and Legal Reasoning 2025-2026/cA P Bhardwaj a12 aNoidabPearson India Educationc2025 a15th Floor, Towe-B, World Trade Tower, Plot No.1, Block-C, Sector-16bNoidae201301 avarious pagingc25cm(pbk) aAlso Useful for PU, DU, BHU, IPU, UPES, MAH (CET-LAW), ALL-LET & Other UG/PG Law Entrances